000 00986cam a2200289 4500
001 8904
003 BD-RjUL
005 20211208234657.0
008 140119s1966 nyuac b 001 0beng
035 _a(BD-RjUL)8949
040 _aDLC/ICU
_cICU
_dDLC
_dBD-RjUL
_beng
041 _aeng
082 0 0 _a523.01092
_bWRE 1966
100 1 _aWright, Helen,
_d1914-
_925082
245 1 0 _aExplorer of the universe :
_ba biography of George Ellery Hale /
_cWith an introduction by Ira S. Bowen.
260 _aNew York :
_bDutton,
_cc1966.
300 _a480 p. :
_billus., ports. ;
_c22 cm.
504 _a"Biographical articles on George Ellery Hale": p. [465]
504 _aBibliography: p. [466]-468.
504 _aIncludes Index.
600 1 0 _aHale, George Ellery,
_d1868-1938.
_927678
650 0 _aAstrophysics
_zUnited States
_xHistory.
_927679
650 0 _aAstrophysicists
_zUnited States
_xBiography.
_927680
942 _2ddc
_cBK
999 _c8904
_d8904